00297nam a2200121Ia 4500008004100000041000800041082001500049100001800064245001400082260004700096300000900143650002300152220803s9999 xx 000 0 und d aeng a891.46 DES aDeshpande Y K aYashodhan aMumbaibMaharashtra Mudran Prakashanc1988 a428p aMarathi Literature